Представление документа в формате RUSMARC

ПолеНазваниеЗначение
  Тип записи a
  Библиографический уровень m
001 Контрольный номер RU/CBS_UL/BASE/594918375
005 Дата корректировки 20240209174847.2
010 Индекс ISBN __
a ISBN
b Уточнения в пер.
d Цена 105 р. 00 к.
9 Тираж экз.
100 Данные общей обработки __
a Данные общей обработки 20140820d2014 ||| 0rusy0189 ca
101 Язык документа 0_
a Язык текста rus
102 Страна публикации __
a Страна публикации RU
105 Кодированные данные (монография) __
a Кодированные данные (монография) y###||||000|y
200 Заглавие и сведения об ответственности 1_
a Заглавие Бэла
b Общее обозначение материала Текст
e Сведения, относящиеся к заглавию повесть из романа "Герой нашего времени"
f Первые сведения об ответственности М. Ю. Лермонтов
g Последующие сведения об ответственности худож. А. Дудин
210 Выходные данные 1_
a Место издания Москва
c Издательство Белый город
d Дата издания 2005
215 Физическое описание __
a Объем 48 с.
c Иллюстрации/тип воспроизводства ил.
d Формат см.
225 Серия 0_
a Серия Классика - детям
300 Общие примечания __
a Общие примечания Ограничения по возрасту - 12+
300 Общие примечания __
a Общие примечания Под инв. номером 101018: 24-1
606 Тематические рубрики 0_
a Основная рубрика Русская литература, 19 в. - Повести
610 Ключевые слова 0_
a Ключевые слова литература детская
a Ключевые слова повести
a Ключевые слова классика
a Ключевые слова романы
a Ключевые слова произведения школьной программы
686 Индексы других классификаций __
a Классификационный индекс 84(2Рос=Рус)1
2 Код системы ББК
700 Автор _0
a Фамилия Лермонтов
b Имя (инициалы) Михаил Юрьевич
g Полное личное имя М. Ю.
801 Источник записи _0
a Страна RU
b Организация МБУК ЦБС г. Ульяновска
c Дата составления 20140820
g Правила каталогизации RCR
801 Источник записи _1
a Страна RU
b Организация МБУК ЦБС г. Ульяновска
c Дата составления 20140820
g Правила каталогизации RCR
899 Данные о местонахождении __
i Авторский знак Л 49
j Расстановочный фильтр Р1
901 Тип документа __
t Тип документа m
910 Корректоры записи __
a Корректор записи Скрипина